Clubs de rugby en Nouvelle-Aquitaine - Statistiques

Statistiques générales
  • Ce quiz a été pris 115 fois
  • Le résultat moyen est 12 sur 19
Statistiques - réponses
Championnat actuel Club % Correct
Top 14 Aviron Bayonnais
100%
Top 14 Union Bordeaux Bègles
98%
Top 14 Section Paloise
95%
Top 14 Stade Rochelais
94%
Pro D2 Biarritz Olympique
91%
Pro D2 Stade Montois
85%
Pro D2 US Dax
83%
Pro D2 CA Brive
68%
Pro D2 SU Agen
68%
Nationale CA Périgueux
54%
Nationale 2 Niort Rugby Club
48%
Pro D2 Soyaux-Angoulême XV
44%
Nationale Stade Langonnais
41%
Nationale 2 Rugby Club Bassin d'Arcachon
40%
Nationale 2 Anglet Olympique
38%
Nationale 2 US Marmande
35%
Nationale 2 Saint-Jean-de-Luz Olympique
33%
Nationale 2 SA Mauléon
20%
Nationale 2 US Salles
19%
Aucun quiz correspondant
Distribution des résultats
% des personnes avec chaque résultat
Percentile par nombre de réponses
Votre historique - résultats
Vous n’avez pas pris ce quiz